000 00815nam a2200253 a 4500
001 72374
003 BD-RjUL
005 20211209082243.0
008 960118s1971 nyua 001 0 eng d
020 _a0810204304
035 _a(BD-RjUL)72591
040 _aIUP
_cIUP
_dm/c
_dEQO
_dBD-RjUL
_beng
041 _aeng
082 _223
_a915.203
_bBEJ 1971
100 1 _aBefu, Harumi
_9214039
245 1 0 _aJapan :
_ban anthropological introduction /
_cHarumi Befu.
260 _aSan Francisco ;
_aLondon :
_bChandler,
_cc1971.
300 _axii, 210 p. :
_bill. ;
_c23 cm.
490 1 _aChandler publications in anthropology and sociology
500 _aIncludes bibliography and index.
650 0 _aEthnology
_zJapan
_9214040
830 0 _aChandler publications in anthropology and sociology
_9214042
942 _2ddc
_cBK
999 _c72374
_d72374